00522 2200193 4500001002100000005001700021035002500038090001400063100001800077245006100095250001900156260002800175300002600203500002700229650002600256850001200282990001700294990001700311YOGYA00000000000830120150311093106.0 a0010-081400000008019 a657 Smi A aSmith, Jay M. aAkutansi Intermediate Volume komperatifc/ Smith, Jay M. aEd. 9, cet. 11 aJakartabErlanggac1997 axiv, 633 hlm.c24 cm. aYang diterima : Jil. 1 aAkutansi Intermediate aYOPDYOG a2383-PD/B.04 a2384-PD/B.04